00532nam a2200193 a 450000100060000000300090000600800410001502000180005604000280007408200190010210000270012124500560014826000410020430000090024565000320025465000230028694200120030999900170032123842CO-ViMGA141112s2004 ck r 000 u spa d a9789876271004 aCO-ViMGAbspacCO-ViMGA04aI 567.91 B175g1 aBatic, Leonardo93453910aEl gran libro de los dinosaurios / cLeonardo Batic aArgentina : bediciones B grupo zeta a64P.14a2 : REPTILES FOSILES93454014aDINOSAURIOS 94600 2ddccBK c31921d31921